| 000 | 00677nam a22002177a 4500 | ||
|---|---|---|---|
| 003 | PILC | ||
| 005 | 20151008141648.0 | ||
| 008 | 130213t xxu||||| |||| 00| 0 eng d | ||
| 020 | _a9789715849302 | ||
| 050 |
_aRT 90 _b.N86 2008 |
||
| 082 |
_a RT90 _b.B295 2008 |
||
| 100 | _aBastable, Susan B. | ||
| 245 |
_aNurse as educator : _cSusan B. Bastable _bprinciples of teaching and learning for nursing practice / |
||
| 260 |
_aSudbury, Mass : _bJones and Bartlett, _c2008. |
||
| 300 |
_a667 pages : _billustrations ; _c23 cm. |
||
| 500 | _aIncludes appendix, glossary and index. | ||
| 650 | _aNursing. | ||
| 942 |
_2lcc _cBK _kFOR |
||
| 999 |
_c15947 _d15947 |
||